000 00675nam a2200229 a 4500
001 000010754
003 DO-SdBNP
005 20240412074221.0
007 ta
008 091009s1994 dr a 000 p spa d
040 _aDO-SdBNP
_bspa
_cBNPHU
082 4 _aRD861.44
_bP156s
100 1 _aPelermo, Rosalía
_925965
245 1 0 _aSíntesis del ser :
_bconsecuencia del hombre /
_cRosalía Pelerno.
260 _aSanto Domingo :
_bAlfa y Omega,
_c1994.
300 _a61 p. :
_bil. ;
_c22 cm.
590 _aInventariado, 2018/LP
650 0 _aPoesía dominicana
_966
650 0 _aLiteratura dominicana.
_967
910 _aValidado. Control de calidad MFF
942 _2ddc
_cLBS1
999 _c10509
_d10509